[Event "Motiva Online Blitz (Women)"]
[Site "Chess.com INT"]
[Date "2021.12.18"]
[Round "10"]
[White "Babiy, Olga"]
[Black "Petrukhina, Irina"]
[Result "1-0"]
[WhiteElo "2259"]
[BlackElo "2219"]
[PlyCount "85"]
[EventDate "2021.12.18"]
[EventType "swiss (blitz)"]
[EventRounds "13"]
[EventCountry "USA"]
[SourceTitle "CBM 205 Extra"]
[Source "ChessBase"]
[SourceDate "2022.01.31"]
[SourceVersion "1"]
[SourceVersionDate "2022.01.31"]
[SourceQuality "1"]

1. d4 Nf6 2. Bf4 g6 3. Nc3 d5 4. e3 Bg7 5. h4 a6 6. h5 Nxh5 7. Rxh5 gxh5 8. Qxh5 Be6 9. Nf3 Nd7 10. Ng5 Nf6 11. Qh2 c5 12. Nxe6 fxe6 13. dxc5 Qa5 14. Qh3 Ne4 15. Be5 Bxe5 16. Qh5+ Kd7 17. Qxe5 Nxc3 18. bxc3 Qxc5 19. Rb1 b5 20. Bd3 Rhc8 21. Kd2 Rc6 22. Bxh7 Rac8 23. Rb3 a5 24. a4 bxa4 25. Rb7+ R8c7 26. Rxc7+ Rxc7 27. Bg8 Qc6 28. f4 a3 29. f5 exf5 30. Qxf5+ Kd8 31. Be6 Ra7 32. Qf8+ Qe8 33. Qf4 Qb5 34. Qd4 Rb7 35. Qh8+ Kc7 36. Qc8+ Kd6 37. Bf5 Rc7 38. Qe6+ Kc5 39. Qe5 Qc6 40. c4 Kxc4 41. Qd4+ Kb5 42. Bd3+ Qc4 43. Qxd5+ 1-0

[Event "Motiva Online Blitz (Women)"]
[Site "Chess.com INT"]
[Date "2021.12.18"]
[Round "4"]
[White "Fedorenko, Ekaterina"]
[Black "Petrukhina, Irina"]
[Result "0-1"]
[WhiteElo "1256"]
[BlackElo "2219"]
[PlyCount "58"]
[EventDate "2021.12.18"]
[EventType "swiss (blitz)"]
[EventRounds "13"]
[EventCountry "USA"]
[SourceTitle "CBM 205 Extra"]
[Source "ChessBase"]
[SourceDate "2022.01.31"]
[SourceVersion "1"]
[SourceVersionDate "2022.01.31"]
[SourceQuality "1"]

1. e4 c5 2. Nf3 d6 3. Nc3 Nf6 4. Bc4 g6 5. d3 Bg7 6. Bg5 0-0 7. a3 Nc6 8. h3 a6 9. 0-0 b5 10. Ba2 Bb7 11. Rb1 Nd7 12. Nd5 Re8 13. Re1 Nb6 14. Nxb6 Qxb6 15. Bf4 e5 16. Be3 Nd4 17. Nxd4 exd4 18. Bf4 Rad8 19. Bg5 Rc8 20. Qf3 c4 21. dxc4 bxc4 22. c3 d3 23. Red1 Bxe4 24. Qg3 Qc6 25. f3 Bf5 26. Bf4 Re2 27. Bxd6 Qb6+ 28. Kh1 Rxb2 29. Rxb2 Qxb2 0-1

[Event "Motiva Online Blitz (Women)"]
[Site "Chess.com INT"]
[Date "2021.12.18"]
[Round "11"]
[White "Petrukhina, Irina"]
[Black "Kucherenko, Olena"]
[Result "1-0"]
[WhiteElo "2219"]
[BlackElo "2049"]
[PlyCount "139"]
[EventDate "2021.12.18"]
[EventType "swiss (blitz)"]
[EventRounds "13"]
[EventCountry "USA"]
[SourceTitle "CBM 205 Extra"]
[Source "ChessBase"]
[SourceDate "2022.01.31"]
[SourceVersion "1"]
[SourceVersionDate "2022.01.31"]
[SourceQuality "1"]

1. d4 g6 2. c4 Bg7 3. Nc3 d6 4. Nf3 Nd7 5. e4 e5 6. d5 Ngf6 7. Bd3 Nc5 8. Bc2 a5 9. h3 0-0 10. 0-0 h6 11. Re1 Nh5 12. a3 Nf4 13. Rb1 Qd7 14. b4 Nxg2 15. Kxg2 Qxh3+ 16. Kg1 axb4 17. axb4 Qg4+ 18. Kf1 Nd7 19. Ng1 Qh4 20. Qf3 Nf6 21. Qg3 Qh1 22. Bd1 h5 23. Bf3 h4 24. Bxh1 hxg3 25. fxg3 Nh5 26. Kf2 f5 27. Nge2 fxe4+ 28. Kg1 Kh7 29. Bxe4 Bg4 30. Kg2 Rf6 31. Be3 Raf8 32. Rf1 Bf5 33. Bxf5 gxf5 34. Bg5 Rg6 35. Bh4 f4 36. Kh3 f3 37. Ng1 f2 38. Nge2 Bh6 39. Ne4 Be3 40. Rb3 Bb6 41. c5 dxc5 42. bxc5 Ba5 43. Rxf2 Rxf2 44. Nxf2 b6 45. Ne4 bxc5 46. Nxc5 Bb6 47. Ne4 Ng7 48. Ng5+ Kh8 49. Nf7+ Kg8 50. Nxe5 Rd6 51. Nf4 Rh6 52. Kg4 Ne8 53. Ra3 Nf6+ 54. Bxf6 Rxf6 55. Ra8+ Rf8 56. Rxf8+ Kxf8 57. Kf5 Ke7 58. g4 Bd4 59. g5 Kf8 60. g6 Kg7 61. Ne6+ Kg8 62. g7 Bxe5 63. Kxe5 Kf7 64. Kf5 Kg8 65. Nxc7 Kf7 66. d6 Kxg7 67. d7 Kf7 68. d8Q Kg7 69. Ne6+ Kf7 70. Qf8# 1-0

[Event "Motiva Online Blitz (Women)"]
[Site "Chess.com INT"]
[Date "2021.12.18"]
[Round "12"]
[White "Yurasova, Daria"]
[Black "Petrukhina, Irina"]
[Result "0-1"]
[WhiteElo "2107"]
[BlackElo "2219"]
[PlyCount "138"]
[EventDate "2021.12.18"]
[EventType "swiss (blitz)"]
[EventRounds "13"]
[EventCountry "USA"]
[SourceTitle "CBM 205 Extra"]
[Source "ChessBase"]
[SourceDate "2022.01.31"]
[SourceVersion "1"]
[SourceVersionDate "2022.01.31"]
[SourceQuality "1"]

1. d4 Nf6 2. Nf3 g6 3. c3 Bg7 4. Bg5 0-0 5. Nbd2 d5 6. e3 c5 7. Bd3 Nc6 8. 0-0 cxd4 9. cxd4 Bg4 10. Be2 Rc8 11. Rc1 Qd7 12. Nb3 Ne4 13. h3 Bxf3 14. Bxf3 Nxg5 15. Nc5 Nxf3+ 16. Qxf3 Qf5 17. Qxf5 gxf5 18. Nxb7 Rb8 19. Rxc6 Rxb7 20. b3 f4 21. Rfc1 fxe3 22. fxe3 e5 23. dxe5 Bxe5 24. Rd1 Rd7 25. Rc5 Rfd8 26. e4 Bd6 27. Rcxd5 Bc5+ 28. Kh2 Rxd5 29. exd5 Kf8 30. g4 Ke7 31. Kg3 Kd6 32. Kf4 Re8 33. Kg5 Re5+ 34. Kf6 Re3 35. h4 Re4 36. Kf5 Rd4 37. Re1 Rxd5+ 38. Kf6 Rd4 39. g5 Rxh4 40. Kxf7 Bd4 41. Re6+ Kd5 42. Ra6 Rh2 43. a4 Rg2 44. b4 Kc4 45. Rh6 Rxg5 46. Rxh7 Rg4 47. b5 Kb4 48. Ke6 Kxa4 49. Rb7 Ka5 50. Kd5 Bb6 51. Kc6 Rc4+ 52. Kd5 Rc5+ 53. Ke4 Rxb5 54. Rh7 Kb4 55. Rh1 a5 56. Rb1+ Kc5 57. Rc1+ Kd6 58. Rd1+ Kc6 59. Rh1 Bc5 60. Rh6+ Kb7 61. Kd3 Rb4 62. Rh5 Bb6 63. Kc2 Ka6 64. Rh8 a4 65. Ra8+ Kb5 66. Rh8 a3 67. Rh3 Ka4 68. Rh8 a2 69. Ra8+ Ba5 0-1

[Event "Amazons Pride Blitz"]
[Site "Chess.com INT"]
[Date "2021.10.23"]
[Round "8"]
[White "Pavlosiuk, Vlada"]
[Black "Petrukhina, Irina"]
[Result "0-1"]
[WhiteElo "1538"]
[BlackElo "2219"]
[PlyCount "62"]
[EventDate "2021.10.23"]
[EventType "swiss (blitz)"]
[EventRounds "9"]
[EventCountry "USA"]
[SourceTitle "CBM 204 Extra"]
[Source "ChessBase"]
[SourceDate "2021.11.30"]
[SourceVersion "1"]
[SourceVersionDate "2021.11.30"]
[SourceQuality "1"]

1. e4 c5 2. Nf3 d6 3. d4 cxd4 4. Nxd4 Nf6 5. Nc3 a6 6. a4 e6 7. Bc4 Be7 8. 0-0 Qc7 9. Bb3 0-0 10. Be3 Nc6 11. Nxc6 bxc6 12. a5 c5 13. Qe2 Bb7 14. f3 d5 15. Na4 dxe4 16. fxe4 Bxe4 17. Nb6 Ra7 18. Bc4 Bb7 19. Bf4 Qc6 20. Rf3 Bd8 21. Be5 Qe4 22. Re3 Qc6 23. Rg3 Kh8 24. Bxf6 Bxf6 25. Bd3 g6 26. Qg4 Bxb2 27. Rb1 Bd4+ 28. Kh1 f5 29. Qh4 f4 30. Rxg6 Ba8 31. Rh6 Qxg2# 0-1

[Event "Amazons Pride Blitz"]
[Site "Chess.com INT"]
[Date "2021.10.23"]
[Round "7"]
[White "Petrukhina, Irina"]
[Black "Shafigullina, Zarina"]
[Result "0-1"]
[WhiteElo "2219"]
[BlackElo "2204"]
[PlyCount "82"]
[EventDate "2021.10.23"]
[EventType "swiss (blitz)"]
[EventRounds "9"]
[EventCountry "USA"]
[SourceTitle "CBM 204 Extra"]
[Source "ChessBase"]
[SourceDate "2021.11.30"]
[SourceVersion "1"]
[SourceVersionDate "2021.11.30"]
[SourceQuality "1"]

1. d4 Nf6 2. c4 e6 3. Nf3 b6 4. g3 Ba6 5. Qc2 Bb7 6. Bg2 c5 7. d5 exd5 8. Nh4 Nc6 9. cxd5 Nd4 10. Qd1 Nxd5 11. e3 g5 12. exd4 gxh4 13. dxc5 Qe7+ 14. Qe2 Qxe2+ 15. Kxe2 Bxc5 16. Rd1 Nf4+ 17. Bxf4 Bxg2 18. gxh4 0-0-0 19. Nc3 Rde8+ 20. Be3 f5 21. Kd2 Bd6 22. Nb5 Bxh2 23. Nxa7+ Kb7 24. Nb5 Rhg8 25. Bd4 Rg4 26. Re1 Rxe1 27. Rxe1 Bc6 28. Nd6+ Bxd6 29. Be5 Bxe5 30. Rxe5 Rf4 31. Ke2 Re4+ 32. Rxe4 Bxe4 33. Ke3 Bb1 34. a3 Kc6 35. Kd4 Kd6 36. b4 b5 37. Ke3 Ke5 38. f4+ Kd5 39. h5 Kc4 40. h6 Be4 41. Kd2 Kb3 0-1

[Event "Amazons Pride Blitz"]
[Site "Chess.com INT"]
[Date "2021.10.23"]
[Round "3"]
[White "Vargas, Gabriela"]
[Black "Petrukhina, Irina"]
[Result "1-0"]
[WhiteElo "2152"]
[BlackElo "2219"]
[PlyCount "63"]
[EventDate "2021.10.23"]
[EventType "swiss (blitz)"]
[EventRounds "9"]
[EventCountry "USA"]
[SourceTitle "CBM 204 Extra"]
[Source "ChessBase"]
[SourceDate "2021.11.30"]
[SourceVersion "1"]
[SourceVersionDate "2021.11.30"]
[SourceQuality "1"]

1. d4 Nf6 2. Nf3 g6 3. Bg5 Bg7 4. Nbd2 d5 5. e3 0-0 6. Bd3 c5 7. c3 Nc6 8. h3 Qb6 9. Qb3 c4 10. Qxb6 axb6 11. Bc2 b5 12. a3 b4 13. 0-0 bxc3 14. bxc3 Nd7 15. Rfb1 e5 16. Rb5 e4 17. Ne1 Ra5 18. a4 Re8 19. Rab1 h6 20. Bh4 g5 21. Bg3 Nf6 22. Rxa5 Nxa5 23. Be5 Nc6 24. Bxf6 Bxf6 25. Rb5 Rd8 26. f3 exf3 27. Nexf3 Ne7 28. e4 dxe4 29. Bxe4 Be6 30. Rxb7 Bd5 31. Rc7 Ra8 32. Rxe7 1-0

[Event "Pavlodar op"]
[Site "Pavlodar"]
[Date "2015.12.09"]
[Round "4"]
[White "Petrukhina, Irina"]
[Black "Frolyanov, Dmitry"]
[Result "1/2-1/2"]
[WhiteElo "2199"]
[BlackElo "2568"]
[PlyCount "79"]
[EventDate "2015.12.07"]
[EventType "swiss"]
[EventRounds "10"]
[EventCountry "KAZ"]
[SourceTitle "EXT 2017"]
[Source "ChessBase"]
[SourceDate "2016.10.25"]
[SourceVersion "1"]
[SourceVersionDate "2016.10.25"]
[SourceQuality "1"]

1. d4 d5 2. c4 e6 3. Nf3 Nf6 4. g3 dxc4 5. Bg2 a6 6. Ne5 Bb4+ 7. Nc3 Nd5 8. 0-0 b5 9. Qc2 0-0 10. Be4 Bb7 11. Nxd5 Bxd5 12. Bxh7+ Kh8 13. Be4 Bd6 14. Bxd5 exd5 15. Qf5 Bxe5 16. dxe5 Qd7 17. Qh5+ Kg8 18. Bg5 Qf5 19. f4 Nc6 20. Qf3 Nd4 21. Qxd5 Nc2 22. e4 Qh3 23. f5 Nxa1 24. Rxa1 Rae8 25. Qc5 Qg4 26. Be7 Qxe4 27. f6 Rd8 28. fxg7 Rfe8 29. Bxd8 Rxd8 30. Qe7 Qe3+ 31. Kh1 Qf3+ 32. Kg1 Rd1+ 33. Rxd1 Qxd1+ 34. Kg2 Qd2+ 35. Kh3 Qh6+ 36. Kg4 Qg6+ 37. Kf4 Kxg7 38. Qxc7 Qh6+ 39. Kg4 Qxh2 40. Qd6 1/2-1/2

[Event "Moscow op-B (Women)"]
[Site "Moscow"]
[Date "2015.02.06"]
[Round "7"]
[White "Galojan, Lilit"]
[Black "Petrukhina, Irina"]
[Result "1/2-1/2"]
[WhiteElo "2283"]
[BlackElo "2210"]
[PlyCount "103"]
[EventDate "2015.01.31"]
[EventType "swiss"]
[EventRounds "9"]
[EventCountry "RUS"]
[SourceTitle "CBM 164 Extra"]
[Source "ChessBase"]
[SourceDate "2015.03.02"]
[SourceVersion "1"]
[SourceVersionDate "2015.03.02"]
[SourceQuality "1"]

1. c4 Nf6 2. g3 g6 3. Bg2 d5 4. cxd5 Nxd5 5. Nc3 Nb6 6. d3 Bg7 7. Be3 Nc6 8. Qd2 Nd4 9. Nf3 Nf5 10. Bc5 0-0 11. Rc1 Nd7 12. Ba3 Nd6 13. 0-0 a5 14. Rfd1 c5 15. d4 Nc4 16. Qc2 Nxa3 17. bxa3 c4 18. Rb1 Nb6 19. h3 Bf5 20. e4 Bd7 21. Ne5 Ra6 22. f4 Bxe5 23. fxe5 Qc8 24. Kh2 Qc6 25. Rdc1 e6 26. Qf2 Qc7 27. Bf1 Qd8 28. Rb2 f6 29. exf6 Rxf6 30. Qd2 Qf8 31. Bg2 Rf7 32. Rcb1 Na4 33. Rxb7 Qxa3 34. Nxa4 Qxa4 35. Rb8+ Kg7 36. Rc1 e5 37. dxe5 Be6 38. Rd8 Raa7 39. Rd6 Rfe7 40. Qg5 Qe8 41. h4 h6 42. Qe3 Rab7 43. Qd4 Qb5 44. Rc2 Kh7 45. Bh3 Qb1 46. Rf2 Bxh3 47. Kxh3 Qh1+ 48. Kg4 h5+ 49. Kf4 Qh3 50. Rf3 Rb1 51. Qxc4 Re1 52. Kg5 1/2-1/2

[Event "Moscow op-B (Women)"]
[Site "Moscow"]
[Date "2015.02.01"]
[Round "2"]
[White "Petrukhina, Irina"]
[Black "Maltsevskaya, Aleksandra"]
[Result "1-0"]
[WhiteElo "2210"]
[BlackElo "2003"]
[PlyCount "63"]
[EventDate "2015.01.31"]
[EventType "swiss"]
[EventRounds "9"]
[EventCountry "RUS"]
[SourceTitle "CBM 164 Extra"]
[Source "ChessBase"]
[SourceDate "2015.03.02"]
[SourceVersion "1"]
[SourceVersionDate "2015.03.02"]
[SourceQuality "1"]

1. d4 d5 2. c4 e6 3. Nf3 c5 4. cxd5 exd5 5. g3 Nf6 6. Bg2 Be7 7. 0-0 0-0 8. Nc3 Nc6 9. Bg5 cxd4 10. Nxd4 h6 11. Be3 Re8 12. Rc1 Bf8 13. a3 Ne5 14. Qb3 Be6 15. Rfd1 Qd7 16. Nxe6 fxe6 17. Bd4 Bd6 18. e4 Neg4 19. h3 e5 20. Nxd5 Kh8 21. hxg4 Nxd5 22. Bc5 Bxc5 23. Rxc5 Qxg4 24. Rcxd5 Rf8 25. Rxe5 Rf6 26. Red5 Raf8 27. R1d2 h5 28. e5 Rc6 29. Rd8 Rc8 30. Rxf8+ Rxf8 31. e6 Qg5 32. Qd5 1-0

[Event "Eretria op 1st"]
[Site "Eretria"]
[Date "2014.08.30"]
[Round "6"]
[White "Petrukhina, Irina"]
[Black "Sidhant, Mohapatra"]
[Result "1/2-1/2"]
[WhiteElo "2182"]
[BlackElo "2289"]
[PlyCount "70"]
[EventDate "2014.08.26"]
[EventType "swiss"]
[EventRounds "9"]
[EventCountry "GRE"]
[SourceTitle "CBM 162 Extra"]
[Source "ChessBase"]
[SourceDate "2014.10.17"]
[SourceVersion "1"]
[SourceVersionDate "2014.10.17"]
[SourceQuality "1"]

1. d4 d5 2. c4 c6 3. Nf3 Nf6 4. Qc2 g6 5. Bf4 Bf5 6. Qb3 Qb6 7. c5 Qxb3 8. axb3 Nbd7 9. b4 a6 10. h3 Bxb1 11. Rxb1 Bg7 12. e3 0-0 13. Bd3 Rfe8 14. g4 Ne4 15. Ne5 Rad8 16. Nxd7 Rxd7 17. f3 Nf6 18. Be5 Rdd8 19. h4 Nd7 20. Bxg7 Kxg7 21. f4 e5 22. fxe5 f6 23. e6 Nf8 24. Kd2 Nxe6 25. Rbf1 Re7 26. Rh3 Rf8 27. Rhf3 Ref7 28. Kc3 Ra8 29. Ra1 Nc7 30. Kd2 Re7 31. Kc3 Rae8 32. Kd2 Rd7 33. Raf1 Rf7 34. Ra1 Re6 35. Rg1 Re8 1/2-1/2

[Event "Eretria op 1st"]
[Site "Eretria"]
[Date "2014.08.29"]
[Round "4"]
[White "Petrukhina, Irina"]
[Black "Georgiou, Kostantinos"]
[Result "1-0"]
[WhiteElo "2182"]
[BlackElo "2267"]
[PlyCount "53"]
[EventDate "2014.08.26"]
[EventType "swiss"]
[EventRounds "9"]
[EventCountry "GRE"]
[SourceTitle "CBM 162 Extra"]
[Source "ChessBase"]
[SourceDate "2014.10.17"]
[SourceVersion "1"]
[SourceVersionDate "2014.10.17"]
[SourceQuality "1"]

1. d4 d5 2. c4 e6 3. Nf3 c5 4. cxd5 exd5 5. g3 Nc6 6. Bg2 Nf6 7. 0-0 Be7 8. Nc3 0-0 9. Bg5 c4 10. Ne5 Be6 11. f4 h6 12. Bh4 Qb6 13. f5 Nxd4 14. Na4 Nxe2+ 15. Kh1 Qe3 16. Bxf6 gxf6 17. Ng4 Qd3 18. fxe6 fxe6 19. Rf2 Nxg3+ 20. hxg3 Qxg3 21. Qe2 Qd6 22. Re1 Kf7 23. Ne5+ Ke8 24. Qh5+ Kd8 25. Nf7+ Rxf7 26. Qxf7 Kd7 27. Rxe6 1-0

[Event "EU-ch (Women) 15th"]
[Site "Plovdiv"]
[Date "2014.07.06"]
[Round "1"]
[White "Petrukhina, Irina"]
[Black "Guramishvili, Sopiko"]
[Result "0-1"]
[WhiteElo "2156"]
[BlackElo "2402"]
[PlyCount "80"]
[EventDate "2014.07.06"]
[EventType "swiss"]
[EventRounds "11"]
[EventCountry "BUL"]
[SourceTitle "CBM 162"]
[Source "ChessBase"]
[SourceDate "2014.09.17"]
[SourceVersion "1"]
[SourceVersionDate "2014.09.17"]
[SourceQuality "1"]

1. d4 Nf6 2. c4 g6 3. Nc3 d5 4. cxd5 Nxd5 5. e4 Nxc3 6. bxc3 Bg7 7. Nf3 c5 8. Be3 Bg4 9. Rb1 Nc6 10. Rxb7 0-0 11. Qa4 Bxf3 12. Qxc6 cxd4 13. cxd4 Rc8 14. Qd5 Qxd5 15. exd5 Bxd5 16. Rxa7 e5 17. dxe5 Bxe5 18. f4 Bf6 19. Rd7 Bh4+ 20. Kd2 Be6 21. Rd6 Be7 22. Rd4 Bf6 23. Rd6 Ra8 24. Be2 Be7 25. Ra6 Bb4+ 26. Kc1 Rfc8+ 27. Kb2 Bc3+ 28. Kc1 Bf6+ 29. Kd1 Rxa6 30. Bxa6 Ra8 31. Be2 Rxa2 32. Ke1 Bc3+ 33. Kf2 Bg4 34. Rc1 Rxe2+ 35. Kg3 Rxe3+ 36. Kxg4 h5+ 37. Kg5 Kg7 38. f5 Bd2 39. f6+ Kh7 40. Rc2 Re4+ 0-1

[Event "RUS-ch U20 Girls"]
[Site "Loo"]
[Date "2014.04.24"]
[Round "9"]
[White "Severina, Maria"]
[Black "Petrukhina, Irina"]
[Result "1/2-1/2"]
[WhiteElo "2212"]
[BlackElo "2145"]
[PlyCount "85"]
[EventDate "2014.04.16"]
[EventType "tourn"]
[EventRounds "9"]
[EventCountry "RUS"]
[SourceTitle "CBM 160 Extra"]
[Source "ChessBase"]
[SourceDate "2014.07.01"]
[SourceVersion "1"]
[SourceVersionDate "2014.07.01"]
[SourceQuality "1"]

1. c4 Nf6 2. Nc3 d5 3. cxd5 Nxd5 4. g3 g6 5. Bg2 Nb6 6. d3 Bg7 7. Be3 Nc6 8. Nf3 e5 9. Bc5 Ne7 10. h4 h5 11. Qb3 Be6 12. Qc2 Qd7 13. Ng5 Rb8 14. Nxe6 Qxe6 15. Nb5 0-0 16. Nxa7 Nbd5 17. Bxe7 Nxe7 18. Nb5 Qb6 19. Nc3 Nf5 20. Nd5 Nd4 21. Qd2 Qd6 22. 0-0 c6 23. Nc3 f5 24. Kh2 Rbe8 25. Rad1 Kh7 26. e3 Bh6 27. f4 exf4 28. gxf4 Ne6 29. Qf2 Nc5 30. d4 Nd7 31. Bf3 Rxe3 32. Bxh5 Rfe8 33. Bf3 Bxf4+ 34. Kg2 Nf6 35. Rfe1 Qe7 36. Rxe3 Bxe3 37. Qc2 Qd6 38. d5 cxd5 39. Nxd5 Nxd5 40. Rxd5 Qf4 41. Rd7+ Kh6 42. Qc7 Qxc7 43. Rxc7 1/2-1/2

[Event "RUS-ch U20 Girls"]
[Site "Loo"]
[Date "2014.04.22"]
[Round "7"]
[White "Khlichkova, Tatiana"]
[Black "Petrukhina, Irina"]
[Result "1-0"]
[WhiteElo "2215"]
[BlackElo "2145"]
[PlyCount "67"]
[EventDate "2014.04.16"]
[EventType "tourn"]
[EventRounds "9"]
[EventCountry "RUS"]
[SourceTitle "CBM 160 Extra"]
[Source "ChessBase"]
[SourceDate "2014.07.01"]
[SourceVersion "1"]
[SourceVersionDate "2014.07.01"]
[SourceQuality "1"]

1. d4 Nf6 2. Bg5 Ne4 3. Bf4 d5 4. e3 c5 5. f3 Nf6 6. Nc3 Nc6 7. Nb5 e5 8. Bxe5 Nxe5 9. dxe5 Nd7 10. Qxd5 a6 11. Bc4 Qh4+ 12. g3 Qxc4 13. Qxc4 axb5 14. Qxb5 Be7 15. Ne2 0-0 16. f4 Nb8 17. 0-0 Nc6 18. Nc3 Nb4 19. Qe2 b6 20. Qg2 Ba6 21. Rfd1 Ra7 22. a3 Bb7 23. e4 Rfa8 24. Rac1 Nc6 25. Rd7 Ba6 26. Rxa7 Rxa7 27. Nd5 Bd8 28. c3 Bd3 29. Re1 Ra4 30. Qh3 Bb5 31. Qc8 Kf8 32. Nxb6 Ra7 33. Rd1 Ke8 34. c4 1-0